Southville International School and Colleges
Your cart is empty.
  • Cart
  • Lists
    Public lists Eva Luna New books Lux_list list_1
    Your lists Log in to create your own lists
  • Log in to your account
  • Your cookies
  • Search history
Southville International School and Colleges
  • Advanced search
  • Recent comments
  • Most popular
  • Libraries

Log in to your account

Log in with GOOGLE


If you do not have an external account, but do have a local account, you can still log in:

  1. Home
  2. MARC view: Fast sofa /
Normal view MARC view ISBD view

Fast sofa / (Record no. 288628)

[ view plain ]
MARC details
000 -LEADER
fixed length control field 00855cam a2200253 a 4500
001 - CONTROL NUMBER
control field 2977346
003 - CONTROL NUMBER IDENTIFIER
control field PILC
005 - DATE AND TIME OF LATEST TRANSACTION
control field 20150907123156.0
008 - FIXED-LENGTH DATA ELEMENTS--GENERAL INFORMATION
fixed length control field 920521s1992 nyua 000 1 eng
010 ## - LIBRARY OF CONGRESS CONTROL NUMBER
LC control number 92020167
020 ## - INTERNATIONAL STANDARD BOOK NUMBER
International Standard Book Number 0688118674 (acidfree paper)
020 ## - INTERNATIONAL STANDARD BOOK NUMBER
International Standard Book Number 0688123368 (acidfree paper) :
Terms of availability FPT $15.00
040 ## - CATALOGING SOURCE
Original cataloging agency DLC
Transcribing agency DLC
Modifying agency DLC
050 00 - LIBRARY OF CONGRESS CALL NUMBER
Classification number PS 3553.R2745
Item number .C898 1993
082 00 - DEWEY DECIMAL CLASSIFICATION NUMBER
Classification number 813/.54
100 1# - MAIN ENTRY--PERSONAL NAME
Personal name Craven, Bruce,
Dates associated with a name 1960-
245 10 - TITLE STATEMENT
Title Fast sofa /
Statement of responsibility, etc Bruce Craven ; illustrations by Mike Louth.
250 ## - EDITION STATEMENT
Edition statement 1st Quill edition.
260 ## - PUBLICATION, DISTRIBUTION, ETC. (IMPRINT)
Place of publication, distribution, etc New York :
Name of publisher, distributor, etc Quill, W. Morrow,
Date of publication, distribution, etc 1992.
300 ## - PHYSICAL DESCRIPTION
Extent 331 pages :
Other physical details illustrations ;
Dimensions 21 cm.
906 ## - LOCAL DATA ELEMENT F, LDF (RLIN)
a 7
b cbc
c orignew
d 1
e ocip
f 19
g y-gencatlg
942 ## - ADDED ENTRY ELEMENTS (KOHA)
Source of classification or shelving scheme Library of Congress Classification
Koha item type Books
Call number prefix Foreign
Holdings
Withdrawn status Lost status Source of classification or shelving scheme Damaged status Home library Current library Shelving location Date acquired Source of acquisition Sub Shelving location Total Checkouts Total Renewals Full call number Barcode Date last seen Date checked out Price effective from Koha item type
    Library of Congress Classification   College Library College Library Fiction Section 09/07/2015 Donation   2 5 PS 3553.R2745 .C898 1993 C19943 09/24/2025 09/18/2025 09/07/2015 Books

Fast sofa /

APA

Craven B., . (1992). Fast sofa. New York: Quill, W. Morrow.

Chicago

Craven Bruce, . 1992. Fast sofa. New York: Quill, W. Morrow.

Harvard

Craven B., . (1992). Fast sofa. New York: Quill, W. Morrow.

MLA

Craven Bruce, . Fast sofa. New York: Quill, W. Morrow. 1992.

  • Place hold
  • Print
  • Cite
  • Add to your cart (remove)
  • Save record
    BIBTEX Dublin Core MARCXML MARC (non-Unicode/MARC-8) MARC (Unicode/UTF-8) MARC (Unicode/UTF-8, Standard) MODS (XML) RIS
  • More searches
    Search for this title in:
    Other Libraries (WorldCat) Other Databases (Google Scholar) Online Stores (Bookfinder.com) Open Library (openlibrary.org)

Exporting to Dublin Core...

SOUTHVILLE LIBRARY

Southville International School and Colleges Library

1281 Tropical Ave. Cor. Luxembourg St., BF Homes International, Las Pinas City

Tel. No. 8256374 / 252358 Loc. 117/146

Powered by Koha